00748nam a2200193 a 450000100100000000500170001000800410002702000180006802000180008604000250010424501210012926000780025030000210032870000350034970000390038404900090042395201050043299900170053700002529220200930023704.0110214s2006 cb 000 0 spa d a9789590610226 a9789590610226 aDO-SdBNPbspacBNPHU00aDe dónde son los cubanos /cRaimundo gómez Navia [et.al]...; cordinadora y redactora Graciela Chailloux Laffita. aLa Habana :bEditorial Ciencia Sociales de La Habana,c2006.bil., retrs. a231 P. ;c22 cm.1 agómez Navia, Raimundo9518171 aChailloux Laffita, Graciela951818 aBNPD 001050718MOaPDbPDcCTd2011-02-14iLF1l0o p25292-10r2020-06-25w2020-06-25y1ZNo se presta c24785d24785